Japanese earthquake and tsunami (Record no. 112985)

MARC details
000 -LEADER
fixed length control field 00834cad a22001935a 4500
001 - CONTROL NUMBER
control field L154432
008 - FIXED-LENGTH DATA ELEMENTS--GENERAL INFORMATION
fixed length control field 111130s2011 xxk f 000 0 eng d
035 ## - SYSTEM CONTROL NUMBER
System control number (Sirsi) u154432
041 0# - LANGUAGE CODE
Language code of text/sound track or separate title eng
110 2# - MAIN ENTRY--CORPORATE NAME
Corporate name or jurisdiction name as entry element Office for Nuclear Regulation
9 (RLIN) 5994
245 00 - TITLE STATEMENT
Title Japanese earthquake and tsunami
Remainder of title Implications for the UK nuclear industry, final report
Medium [electronic resource]
260 ## - PUBLICATION, DISTRIBUTION, ETC.
Place of publication, distribution, etc. HSE
Date of publication, distribution, etc. 2011
520 ## - SUMMARY, ETC.
Summary, etc. An analysis of the Fukushima Dai-ichi accident reveals no fundamental safety weaknesses in the UK's nuclear industry but concludes that by learning lessons it can be made even safer.
590 ## - LOCAL NOTE (RLIN)
Local note KA
651 #4 - SUBJECT ADDED ENTRY--GEOGRAPHIC NAME
Geographic name United Kingdom
690 ## - LOCAL SUBJECT ADDED ENTRY--TOPICAL TERM (OCLC, RLIN)
Topical term or geographic name as entry element ENVIRONMENTAL AND LAND CONSULTANCY-ENERGY
856 40 - ELECTRONIC LOCATION AND ACCESS
Uniform Resource Identifier <a href="https://www.hse.gov.uk/nuclear/fukushima/final-report.pdf">https://www.hse.gov.uk/nuclear/fukushima/final-report.pdf</a>
Public note View the item free of charge at www.hse.gov.uk
942 ## - ADDED ENTRY ELEMENTS (KOHA)
Suppress in OPAC 0
Holdings
Withdrawn status Lost status Source of classification or shelving scheme Damaged status Not for loan Home library Current library Shelving location Date acquired Total Checkouts Full call number Barcode Date last seen Copy number Price effective from Koha item type
    Dewey Decimal Classification     Virtual Virtual Online 30/11/2011   ONLILNE PUBLICATION 154432-2001 06/08/2019 1 06/08/2019 Book